Epitome of CAG's reports on government of West Bengal (Record no. 477578)

000 -LEADER
fixed length control field 00500cam a22001217a 4500
008 - FIXED-LENGTH DATA ELEMENTS--GENERAL INFORMATION
fixed length control field 180718b-- xxu||||| |||| 00| 0 eng d
082 ## - DEWEY DECIMAL CLASSIFICATION NUMBER
Classification number L906x5412 E
245 ## - TITLE STATEMENT
Title Epitome of CAG's reports on government of West Bengal
Statement of responsibility, etc. by Principal Accountant General (Audit), West Bengal
260 ## - PUBLICATION, DISTRIBUTION, ETC.
Place of publication, distribution, etc. Kolkata
Name of publisher, distributor, etc. Principal Accountant General (Audit)
Date of publication, distribution, etc. --
500 ## - GENERAL NOTE
General note Library has 2000/01, 2002/03-2005/06, 2009/10
650 ## - SUBJECT ADDED ENTRY--TOPICAL TERM
Topical term or geographic name entry element Auditing - India - West Bengal
700 ## - ADDED ENTRY--PERSONAL NAME
Personal name West Bengal. Principal Accountant General (Audit)
Holdings
Withdrawn status Lost status Damaged status Not for loan Permanent Location Current Location Date acquired Full call number Barcode Date last seen Price effective from Koha item type
        Indian Institute of Public Administration Indian Institute of Public Administration 2018-08-04 L906x5412 E GG31067 2018-08-04 2018-08-04 GG
        Indian Institute of Public Administration Indian Institute of Public Administration 2018-08-04 L906x5412 E GG30536 2018-08-04 2018-08-04 GG
        Indian Institute of Public Administration Indian Institute of Public Administration 2018-08-04 L906x5412 E GG29858 2018-08-04 2018-08-04 GG
        Indian Institute of Public Administration Indian Institute of Public Administration 2018-08-04 L906x5412 E GG29115 2018-08-04 2018-08-04 GG
        Indian Institute of Public Administration Indian Institute of Public Administration 2018-08-04 L906x5412 E GG28667 2018-08-04 2018-08-04 GG
        Indian Institute of Public Administration Indian Institute of Public Administration 2018-08-04 L906x5412 E GG27084 2018-08-04 2018-08-04 GG
        Indian Institute of Public Administration Indian Institute of Public Administration 2018-08-04 L906x5412 E GG26940 2018-08-04 2018-08-04 GG

Powered by Koha